| Tag |
First Indicator |
Second Indicator |
Subfields |
| LEADER |
00000pam a2200000 4500 |
| 001 |
in00000468721 |
| 005 |
20151013050916.0 |
| 008 |
740108s1974 nyu b 00110 eng |
| 010 |
|
|
|a 73023078
|
| 020 |
|
|
|a 0471065773
|
| 035 |
|
|
|a (OCoLC)00799803
|
| 035 |
|
|
|9 ACA7092AM
|
| 040 |
|
|
|a DLC
|c DLC
|d TXA
|d UtOrBLW
|
| 049 |
|
|
|a TXAM
|c [1471374]
|
| 050 |
0 |
0 |
|a QA188
|b .B46
|
| 082 |
0 |
|
|a 512.9/43
|
| 100 |
1 |
|
|a Ben-Israel, Adi.
|
| 245 |
1 |
0 |
|a Generalized inverses: theory and applications /
|c [by] Adi Ben-Israel [and] Thomas N. E. Greville.
|
| 264 |
|
1 |
|a New York :
|b Wiley,
|c [1974]
|
| 300 |
|
|
|a xi, 395 pages ;
|c 23 cm.
|
| 336 |
|
|
|a text
|b txt
|2 rdacontent
|
| 337 |
|
|
|a unmediated
|b n
|2 rdamedia
|
| 338 |
|
|
|a volume
|b nc
|2 rdacarrier
|
| 490 |
1 |
|
|a Pure and applied mathematics
|
| 500 |
|
|
|a "A Wiley-Interscience publication."
|
| 504 |
|
|
|a Bibliography: pages 359-381.
|
| 650 |
|
0 |
|a Matrix inversion.
|
| 700 |
1 |
|
|a Greville, T. N. E.
|q (Thomas Nall Eden),
|d 1910-1998.
|
| 830 |
|
0 |
|a Pure and applied mathematics (John Wiley & Sons : Unnumbered)
|
| 999 |
|
|
|a MARS
|
| 999 |
f |
f |
|s 66598a38-fd8e-39ab-ac9e-7e8cf67ea88c
|i 8c988f0d-84c8-34ad-a723-270229d96363
|t 0
|
| 952 |
f |
f |
|p ric
|a Texas A&M University
|b Rellis Campus
|c Joint Library Facility
|s JLF
|d Remote Storage
|t 0
|e QA188 .B46
|h Library of Congress classification
|i unmediated -- volume
|m A14804481190
|
| 998 |
f |
f |
|a QA188 .B46
|t 0
|l Remote Storage
|